000 01605 a2200253 4500
003 Nust
005 20220818125804.0
010 _a 00047109
020 _a0780347439
040 _cNust
082 0 0 _a621.38224,KOD
100 1 _aKodali, V. Prasad,
_998017
245 1 0 _aEngineering electromagnetic compatibility :
_bprinciples, measurements, technologies, and computer models /
_cV. Prasad Kodali.
250 _a2nd ed.
260 _aNew York :
_bInstitute of Electrical and Electronics Engineers,
_cc2001.
300 _axxii, 453 p. :
_bill. ;
_c26 cm.
505 _aIntroduction (Page-1), Natural and Nuclear Sources of EMI (Page-25), EMI From Apparatus and Circuits (Page-49), Probabilistic and Statistical Physical Models (Page-77), Open-Area Test Sites (Page-91),Radiated Interference Measurements (Page-177), Conducted Interference Measurements (Page-151), Pulsed Interference Immunity (Page-171), Grounding, Shielding and Bonding (Page-195), EMI Filters (Page-247).Cables, Connectors, and Components (Page-277), Frequency Assignment and Spectrum Conservation (Page-307), EMC Computer Modeling and Simulation (Page-333), Signal Integrity (Page-369), EMC Standards (Page-387)
650 0 _aTelecommunication engineering
710 2 _aIEEE Electromagnetic Compatibility Society.
856 4 2 _3Contributor biographical information
_uhttp://www.loc.gov/catdir/bios/wiley043/00047109.html
856 4 2 _3Publisher description
_uhttp://www.loc.gov/catdir/description/wiley036/00047109.html
856 4 2 _3Table of Contents
_uhttp://www.loc.gov/catdir/toc/onix07/00047109.html
942 _cREF
_2ddc
999 _c193473
_d193473